000 00468nam a2200169Ia 4500
008 230917s9999||||xx |||||||||||||| ||und||
020 _cGBP15.99
040 _e249704
_aMAIN
041 _aEnglish
082 _a820.711 E38S
100 _aEaglestone, Robert
245 0 _aStudying english: A guide for literature students
260 _aOxon
_bRoutledge
_c2016
300 _axvi, 166 p.
500 _a3253 21/08/2018 RBP18/72564 21/10/2018 Main Budget
942 _cBK
999 _c28020
_d28020